Ensayos de David Alberto Cossío /
Tallennettuna:
| Päätekijä: | |
|---|---|
| Muut tekijät: | |
| Aineistotyyppi: | Kirja |
| Kieli: | espanja |
| Sarja: | (Legisladores ;
7) |
| Aiheet: | |
| Tagit: |
Ei tageja, Lisää ensimmäinen tagi!
|
MARC
| LEADER | 00000nam^a2200000^a^4500 | ||
|---|---|---|---|
| 001 | 000189528 | ||
| 005 | 20250521000000.0 | ||
| 009 | 20260310102418.615 | ||
| 037 | |a Acervo ITESO - Biblioteca | ||
| 041 | |a ESP | ||
| 082 | |a 972. |b COS | ||
| 100 | |a Cossío, David Alberto |e (autor) | ||
| 245 | 1 | 0 | |a Ensayos de David Alberto Cossío / |c D.A. Cossío ; comp. de A.A. Madero Quiroga. |
| 264 | |a México : |b Congreso de la Unión, Cámara de Senadores, LVIII Legislatura, |c 2002 | ||
| 300 | |a XVI, 361 p. | ||
| 336 | |a texto |b txt |2 rdacontenido | ||
| 337 | |a sin mediación |b n |2 rdamedio | ||
| 338 | |a volumen |b nc |2 rdasoporte | ||
| 440 | 1 | |a (Legisladores ; |v 7) | |
| 649 | |a XX | ||
| 650 | |a Personajes Históricos Mexicanos - |x Biografías | ||
| 650 | |a Geografía Histórica - |z México | ||
| 650 | |a México - |x Historia - |y Revolución, 1910-1917 | ||
| 650 | |a Ciencia - |z México - |x Historia | ||
| 650 | |a México - |x Historia - |x Tema Principal | ||
| 700 | |a Madero Quiroga, Adalberto Arturo |e (compilación) | ||
| 910 | |a Fondo General | ||
| 920 | |a Impresos - Libros | ||
| 930 | |a Colección General | ||
| 905 | |a 101 | ||
| 901 | |a 0500132646 |b IT1 |c ACC |u 20250521 | ||
| 902 | |a https://opac.biblio.iteso.mx/vufind/Record/000189528 | ||